| 000 | 00786nam a22002177a 4500 | ||
|---|---|---|---|
| 999 |
_c7606 _d7606 |
||
| 003 | AR-CdUCM | ||
| 008 | 190320b ||||| |||| 00| 0 spa d | ||
| 040 |
_aMUNICIPALIDAD PROVINCIAL DEL CUSCO _cBIBLIOTECA MUNICIPAL DEL CUSCO |
||
| 082 |
_a630.24 / _bD98 |
||
| 100 |
_aDutcher, R. Adams _921466 |
||
| 245 | _aFundamentos de bioquímica agrícola / | ||
| 260 |
_aMéxico : _bSalvat, _c1954. |
||
| 300 |
_a475 paginas ; _c22 cm. |
||
| 505 | _aContenido :El desarrollo de la química agrícola -- Química de la materia viva -- Estudio físico de la materia -- Proteínas -- Esterasas ... | ||
| 650 |
_aQuímica agrícola _920392 |
||
| 650 |
_aBioquímica _918733 |
||
| 700 |
_aJensen, Clifford O. _921467 |
||
| 700 |
_aAlthouse, Paul M. _921468 |
||
| 942 |
_2ddc _cLIBROS |
||
| 945 | _arum | ||